|
|
|
|
| LEADER |
00000nam a2200000Ii 4500 |
| 001 |
DIGHERDER0226 |
| 003 |
NyNyDIG |
| 007 |
cr ||||||||||| |
| 008 |
220418s2015 sp o 000 0 spa d |
| 006 |
m o d |
| 035 |
|
|
|a (OCoLC)951158788
|
| 040 |
|
|
|a DGITA
|b eng
|e rda
|e pn
|c DGITA
|
| 020 |
|
|
|a 9788425434198
|q eBook
|q ePub
|
| 020 |
|
|
|z 9788425434204
|
| 041 |
1 |
|
|a spa
|h eng
|
| 050 |
1 |
4 |
|a BQ336 ebook
|
| 240 |
1 |
0 |
|a Lotus sutra and its opening and closing sutras.
|l Spanish
|s (Tizzano)
|
| 245 |
0 |
3 |
|a El sutra del loto /
|c supervisión y presentación, Carlos Rubio ; traducción, Paula Tizzano y otros ; edición, Noemí Fuster y otros.
|
| 250 |
|
|
|a 1a. edición digital.
|
| 264 |
|
1 |
|a Barcelona :
|b Herder,
|c 2015.
|
| 300 |
|
|
|a 1 online resource.
|
| 336 |
|
|
|a text
|b txt
|2 rdacontent
|
| 337 |
|
|
|a computer
|b c
|2 rdamedia
|
| 338 |
|
|
|a online resource
|b cr
|2 rdacarrier
|
| 347 |
|
|
|a text file
|2 rdaft
|
| 347 |
|
|
|b EPUB
|
| 588 |
0 |
|
|a Online resource; title from ePub title page (Digitalia, viewed April 18, 2022)
|
| 650 |
|
0 |
|a Mahayana Buddhism.
|
| 650 |
|
0 |
|a Taoism.
|
| 655 |
|
0 |
|a Electronic books.
|
| 700 |
1 |
|
|a Rubio, Carlos
|d 1951-
|e contributor agent of text.
|
| 700 |
1 |
|
|a Tizzano, Paula,
|e translator.
|
| 700 |
1 |
|
|a Fuster, Noemí,
|e editor.
|
| 730 |
0 |
|
|i Translation of:
|a Lotus sutra and its opening and closing sutras.
|
| 791 |
2 |
|
|a Digitalia (Firm),
|e distributor.
|
| 793 |
0 |
|
|g Digitalia eBook Collection:
|a Herder Editorial
|
| 776 |
0 |
8 |
|i Print version:
|s Lotus sutra and its opening and closing sutras. Spanish (Tizzano).
|t Sutra del loto.
|d Barcelona : Herder, 2015
|z 9788425434204
|
| 856 |
4 |
0 |
|3 Digitalia Hispánica
|u https://www.digitaliapublishing.com/a/61243/
|
| 910 |
|
|
|a Premium collection: 2022
|